[Event "Challenge 2"]
[Site "http://www.queenalice.com/game.php?id=735541"]
[Date "2010.2.21"]
[Round "-"]
[White "Victorgnr18"]
[Black "marcoferrari"]
[Result "0-1"]
[WhiteElo "1058"]
[BlackElo "1794"]

1. e4 e5 2. Nc3 Bc5 3. Nf3 d6 4. d3 h6 5. h3 a6 6. Nb1 Be6 7. Be3 Bb4+ 8. c3 Ba5
9. a3 f5 10. exf5 Bxf5 11. d4 exd4 12. Bxd4 Qe7+ 13. Kd2 Nc6 14. Qc1 Be4 15. Kd1
Bxf3+ 16. gxf3 Nxd4 17. cxd4 Qe1+ 18. Kc2 Qxf2+ 19. Kd3 Qxf3+ 20. Kc4 Qxh1 21.
b4 Qc6+ 22. Kb3 Qxc1 23. bxa5 Qxf1 24. a4 Qd3+ 25. Kb2 Qxd4+ 26. Nc3 O-O-O 27.
Ra2 Nf6 28. h4 Nd5 29. Ra3 Nxc3 30. Rxc3 Rde8 31. h5 Re3 32. Kc2 Rxc3+ 33. Kb1
Qb4+ 0-1

[Event "AUTO-OPEN-1888"]
[Site "http://www.queenalice.com/game.php?id=735565"]
[Date "2010.2.21"]
[Round "1"]
[White "MichelTA"]
[Black "Victorgnr18"]
[Result "1-0"]
[WhiteElo "1424"]
[BlackElo "1045"]

1. Nc3 e5 2. e4 Nc6 3. Nf3 Nf6 4. Bb5 Bb4 5. d3 d6 6. Ng5 Bg4 7. f3 Qd7 8. h3
Bh5 9. O-O h6 10. a3 Ba5 11. Nxf7 Qxf7 12. b4 Bb6+ 13. Kh1 a6 14. Bc4 Qe7 15. g4
Bg6 16. Na4 h5 17. Bg5 hxg4 18. fxg4 Bd4 19. Rb1 Qd8 20. c3 Ba7 21. Bd5 Ne7 22.
Bxb7 Rb8 23. Bxa6 Rxh3+ 24. Kg2 Rh8 25. Qb3 Qd7 26. Bxf6 gxf6 27. Rxf6 Bh7 28.
Qf7+ Kd8 29. Qg7 Qe8 30. Nb2 Be3 31. Re1 Rb6 32. Bc4 Kd7 33. Rxe3 Kc6 34. Bd5+
Kb5 35. c4+ Ka6 36. Na4 Rb8 37. Rh3 Ra8 38. Nc5+ Ka7 39. Rxh7 Rg8 40. Qh6 Rxg4+
41. Kf3 Rg1 42. Rxd6 1-0

[Event "AUTO-OPEN-1888"]
[Site "http://www.queenalice.com/game.php?id=735566"]
[Date "2010.2.21"]
[Round "1"]
[White "Victorgnr18"]
[Black "MichelTA"]
[Result "0-1"]
[WhiteElo "1100"]
[BlackElo "1415"]

1. e4 e5 2. Nc3 Qh4 3. Nf3 Qf4 4. d3 Qf6 5. Bg5 Qg6 6. Nb5 Qb6 7. Qe2 Qxb5 8. b3
f6 9. Bh4 Qb4+ 10. c3 Qxc3+ 11. Nd2 Qxa1+ 12. Nb1 Qxb1+ 13. Kd2 Bb4+ 14. Ke3
Qc1+ 15. Kf3 Qf4# 0-1

[Event "AUTO-OPEN-1888"]
[Site "http://www.queenalice.com/game.php?id=735589"]
[Date "2010.2.21"]
[Round "1"]
[White "carlosjvega"]
[Black "Victorgnr18"]
[Result "0-1"]
[WhiteElo "1738"]
[BlackElo "1141"]

1. c4 e5 2. g3 d6 3. Bg2 Bd7 4. Bxb7 Nc6 5. Bxa8 Qxa8 6. e3 Bf5 7. Nc3 Qb8 8. d4
exd4 9. exd4 Nh6 10. Bxh6 gxh6 11. Nge2 Ne7 12. Nf4 Qxb2 13. Rc1 Qxf2+ 14. Kxf2
a5 15. Nb5 Be4 16. Re1 Ng6 17. Rxe4+ Kd7 18. Nxg6 fxg6 19. Qa4 c6 20. Na7 g5 0-1

[Event "AUTO-OPEN-1888"]
[Site "http://www.queenalice.com/game.php?id=735590"]
[Date "2010.2.21"]
[Round "1"]
[White "Victorgnr18"]
[Black "carlosjvega"]
[Result "1-0"]
[WhiteElo "1141"]
[BlackElo "1738"]

1. e4 e5 2. d3 c6 3. Nc3 d5 4. exd5 cxd5 5. Be3 d4 6. Bxd4 exd4 7. Na4 Qa5+ 8.
c3 b5 9. Nc5 Bxc5 10. Qe2+ Ne7 11. Nf3 dxc3 12. Rb1 Qxa2 13. Rd1 Bb4 14. Qe4
Qxb2 15. Qxa8 c2+ 16. Rd2 c1=Q+ 17. Ke2 Qcxd2+ 18. Nxd2 Qxd2+ 19. Kf3 1-0

[Event "Challenge"]
[Site "http://www.queenalice.com/game.php?id=736527"]
[Date "2010.2.23"]
[Round "-"]
[White "Victorgnr18"]
[Black "Vladimir"]
[Result "0-1"]
[WhiteElo "1058"]
[BlackElo "1550"]

1. e4 e5 2. Nc3 Nf6 3. Nf3 Nc6 4. Bb5 d6 5. d3 a6 6. Ba4 b5 7. Bb3 h6 8. Qe2 Bg4
9. Qe3 Nb4 10. Bxf7+ Kxf7 11. a3 Nxc2+ 12. Ke2 Nxe3 13. fxe3 Bxf3+ 14. gxf3 d5
15. exd5 Nxd5 16. e4 Nxc3+ 17. bxc3 c5 18. Rg1 g5 19. Rg3 c4 20. dxc4 bxc4 21.
a4 Qd3+ 22. Kf2 Bc5+ 23. Kg2 Rab8 24. a5 Qxc3 25. Ra4 Qc2+ 26. Kh3 Qxa4 27. Be3
Bxe3 28. Kg4 h5+ 29. Kf5 Bf4 30. Rh3 Qd7# 0-1

[Event "FEIJAO COM ARROZ VII"]
[Site "http://www.queenalice.com/game.php?id=740189"]
[Date "2010.3.3"]
[Round "-"]
[White "rogeriooliveira"]
[Black "Victorgnr18"]
[Result "1-0"]
[WhiteElo "1424"]
[BlackElo "1044"]

1. e4 e5 2. d4 exd4 3. Qxd4 Nc6 4. Qd5 Nf6 5. Qd3 d6 6. Qe2 Ng4 7. f3 Nge5 8. f4
Nd7 9. Nf3 Nc5 10. Be3 Be6 11. Bxc5 dxc5 12. Nc3 Be7 13. Rd1 Qc8 14. Qd3 c4 15.
Qd2 f6 16. Be2 a6 17. O-O Bc5+ 18. Kh1 Bg4 19. h3 Bh5 20. Qd5 Ba7 21. g4 Bf7 22.
Qd2 a5 23. Rf2 Bxf2 24. Kg2 Bc5 25. Nh4 a4 26. Nf5 g6 27. Ne3 g5 28. f5 1-0

[Event "2 a 0"]
[Site "http://www.queenalice.com/game.php?id=759965"]
[Date "2010.4.12"]
[Round "-"]
[White "marcoferrari"]
[Black "Victorgnr18"]
[Result "1-0"]
[WhiteElo "1816"]
[BlackElo "1058"]

1. e4 e5 2. Nf3 Bb4 3. Nxe5 d6 4. Nd3 Ba5 5. e5 dxe5 6. Nxe5 Bb6 7. Bc4 Be6 8.
Qf3 Nc6 9. Nxc6 bxc6 10. Bxe6 fxe6 11. Qxc6+ Ke7 12. c4 g5 13. c5 Ba5 14. Qb5 c6
15. Qb7+ Kf6 16. b4 Rb8 17. Bb2+ e5 18. Qxc6+ Kf5 19. Qf3+ Kg6 20. Bxe5 Qe8 21.
Qd3+ Kh5 22. Qe2+ Kh4 23. Bg3# 1-0

[Event "AUTO-OPEN-1944"]
[Site "http://www.queenalice.com/game.php?id=760219"]
[Date "2010.4.13"]
[Round "1"]
[White "MarcosT"]
[Black "Victorgnr18"]
[Result "1-0"]
[WhiteElo "1834"]
[BlackElo "1058"]

1. e4 e5 2. Bc4 d6 3. Nf3 Nf6 4. h3 Nxe4 5. d3 Nc5 6. O-O Be6 7. Bxe6 Nxe6 8.
Re1 Nc6 9. Nc3 Na5 10. a3 Be7 11. Bd2 Nd4 12. Nxd4 exd4 13. Nd5 Kf8 14. Nxe7 Nc6
15. Nxc6 bxc6 16. c3 dxc3 17. Bxc3 Rb8 18. Qg4 h5 19. Qxg7# 1-0

[Event "AUTO-OPEN-1944"]
[Site "http://www.queenalice.com/game.php?id=760220"]
[Date "2010.4.13"]
[Round "1"]
[White "Victorgnr18"]
[Black "MarcosT"]
[Result "0-1"]
[WhiteElo "1141"]
[BlackElo "1859"]

1. d4 Nf6 2. e4 Nxe4 3. Bd3 d5 4. f3 Nd6 5. Nc3 e6 6. Nh3 Be7 7. Bf4 Nc6 8. Nb5
O-O 9. c3 a6 10. Na3 b5 11. Qc2 Bb7 12. Be2 Nc4 13. Ng5 Bxg5 14. Bxg5 Qxg5 15.
b3 Ne3 16. Qd2 Nxg2+ 17. Kd1 Nf4 18. Bf1 Rfe8 19. Qg2 Nxg2 20. Rg1 Ne3+ 21. Ke2
Qxg1 22. Rb1 Nf5 23. Bh3 Qe3+ 24. Kd1 Qxf3+ 25. Ke1 Qxh3 26. c4 Ncxd4 27. c5
Qxh2 28. Rd1 Qe2# 0-1

[Event "AUTO-OPEN-1944"]
[Site "http://www.queenalice.com/game.php?id=760245"]
[Date "2010.4.13"]
[Round "1"]
[White "garca"]
[Black "Victorgnr18"]
[Result "1-0"]
[WhiteElo "1872"]
[BlackElo "1106"]

1. e4 e5 2. Nf3 Nf6 3. d3 d6 4. Bg5 h6 5. Be3 c5 6. h3 Na6 7. a3 Nh5 8. Nxe5
dxe5 9. Qxh5 Qa5+ 10. Nc3 g6 11. Qxe5+ Kd7 12. Qxh8 Be7 13. Qxh6 b6 14. Bd2 1-0

[Event "AUTO-OPEN-1944"]
[Site "http://www.queenalice.com/game.php?id=760246"]
[Date "2010.4.13"]
[Round "1"]
[White "Victorgnr18"]
[Black "garca"]
[Result "0-1"]
[WhiteElo "1141"]
[BlackElo "1924"]

1. e4 e5 2. Nf3 d6 3. d3 h6 4. d4 exd4 5. Nxd4 Nf6 6. f3 a6 7. c3 Bd7 8. a3 Nh5
9. h3 Qh4+ 10. Ke2 Ng3+ 11. Ke3 Nxh1 12. Nf5 Qf2+ 13. Kd3 Nc6 14. h4 Ne5# 0-1

[Event "AUTO-BEG-390"]
[Site "http://www.queenalice.com/game.php?id=760692"]
[Date "2010.4.13"]
[Round "1"]
[White "hgimenes"]
[Black "Victorgnr18"]
[Result "1-0"]
[WhiteElo "1199"]
[BlackElo "1106"]

1. e4 e5 2. Nf3 Nc6 3. Bb5 Nge7 4. O-O a6 5. Bc4 f6 6. d4 exd4 7. Nxd4 b5 8.
Nxc6 dxc6 9. Bf7+ Kxf7 10. Qxd8 c5 11. Nc3 Nc6 12. Qd5+ Ke7 13. Qxc6 Ra7 14.
Qxc5+ Kd7 15. Rd1+ Ke6 16. Qxa7 h5 17. Nd5 g5 18. Qxc7 1-0

[Event "AUTO-BEG-390"]
[Site "http://www.queenalice.com/game.php?id=760693"]
[Date "2010.4.13"]
[Round "1"]
[White "Victorgnr18"]
[Black "hgimenes"]
[Result "0-1"]
[WhiteElo "1087"]
[BlackElo "1221"]

1. e4 e5 2. d3 Nc6 3. Nf3 Nf6 4. Nc3 d5 5. exd5 Nxd5 6. Qd2 Nd4 7. a3 Nxf3+ 8.
gxf3 Be6 9. a4 Bb4 10. h4 Qd6 11. h5 O-O-O 12. a5 g5 13. Qxg5 Nxc3 14. bxc3
Bxc3+ 15. Kd1 Rhg8 16. Qh4 Bxa1 17. c4 Bf5 0-1

[Event "AUTO-BEG-390"]
[Site "http://www.queenalice.com/game.php?id=760704"]
[Date "2010.4.13"]
[Round "1"]
[White "marcelouco"]
[Black "Victorgnr18"]
[Result "1-0"]
[WhiteElo "1290"]
[BlackElo "1141"]

1. e4 e5 2. Nf3 Nc6 3. Bc4 Nf6 4. Ng5 Na5 5. Nxf7 Qe7 6. Nxh8 Nxc4 7. d3 Nd6 8.
Bg5 h6 9. Ng6 Qf7 10. Nxe5 Qe6 11. Bxf6 gxf6 12. Qh5+ Ke7 13. Ng6+ Ke8 14. Nxf8+
Kxf8 15. Qxh6+ 1-0

[Event "AUTO-BEG-390"]
[Site "http://www.queenalice.com/game.php?id=760705"]
[Date "2010.4.13"]
[Round "1"]
[White "Victorgnr18"]
[Black "marcelouco"]
[Result "0-1"]
[WhiteElo "1122"]
[BlackElo "1300"]

1. e4 e5 2. Nc3 Nf6 3. Nd5 Bc5 4. Nf3 Nxe4 5. d3 Nxf2 6. Qd2 Nxh1 7. d4 exd4 8.
Qe2+ Be7 9. Bg5 Nc6 10. c3 f6 11. Bh4 g5 12. Bg3 Nxg3 13. hxg3 dxc3 14. Nxe7
Qxe7 0-1

[Event "Challenge"]
[Site "http://www.queenalice.com/game.php?id=763330"]
[Date "2010.4.19"]
[Round "-"]
[White "Victorgnr18"]
[Black "marcoferrari"]
[Result "0-1"]
[WhiteElo "1044"]
[BlackElo "1891"]

1. e4 e5 2. Nc3 Nc6 3. Nf3 Nf6 4. Nb5 a6 5. Nc3 Bc5 6. Bc4 h6 7. Qe2 d6 8. d3
Bg4 9. h3 Bxf3 10. gxf3 d5 11. exd5 Nd4 0-1